00540nam a2200169Ia 450000500170000000800410001702000150005808200230007310000190009624500360011526000430015130000120019450000440020694200060025095200990025699900150035520250307030836.0240331s9999 xx 000 0 und d a8123402996 bVED24533a894.811 aVedanayagam, P 0aPrathaba Muthaliyar Charithiram aChennai,bNew Century Book Housec1994 a381 p., aThe life and times of Prathapa Mudaliar cL 001040708LaWERCLbWERCLcSSCd2024-03-31l0o 894.811 VEDp4533r2024-03-31w2024-03-31yL c3798d3798